000 00439nam a2200181Ia 4500
001 3459
005 20260306145645.0
008 260306t1984||||xx |||||||||||||| ||spa||
041 _aESP
082 _a279.4608
_bS42
100 _a[Autor no identificado]
_eAUT
245 0 _aAl servicio de la iglesia y del pueblo
260 _c1984
300 _a350 páginas :
_c22 cm.
650 _aGEN
654 _aCHU
942 _cLIB
_dJUS
_fJUS
_2ddc
_n
999 _c3459
_d3459